| 000 | 00508cam a2200157 4500 | ||
|---|---|---|---|
| 082 | 0 | 0 |
_a662.2 _bJOH _cL-7, P-14 |
| 100 | 1 |
_aJohansson, C. H. _944785 |
|
| 245 | 1 | 0 |
_aDetonics of high explosives _c[by] C. H. Johansson and P. A. Persson. |
| 260 |
_aLondon, _aNew York, _bAcademic Press, _c1970. |
||
| 300 |
_axiii, 330 p. _billus., port. _c24 cm. |
||
| 526 |
_a0 _b0 _c0 _d662_200000000000000_JOH |
||
| 650 | 0 |
_aExplosives. _944786 |
|
| 650 | 0 |
_aMCE _9379 |
|
| 700 | 1 |
_aPersson, Per-Anders, _944787 |
|
| 942 |
_2ddc _cBK |
||
| 999 |
_c548475 _d548475 |
||